000
00303nam a22001337a 4500
008
181029b xxu||||| |||| 00| 0 eng d
020
_a
0080360785
041
_a
eng
080
_a
616
100
_a
8
101
_a
KAR
245
_a
Silent Myocardial Ischemia and Angina
_c
Singh, B.N
942
_2
udc
_c
BK
999
_c
51062
_d
51062